Fluid Mechanics (Record no. 27348)

MARC details
000 -LEADER
fixed length control field 00373nam a22001697a 4500
003 - CONTROL NUMBER IDENTIFIER
control field OSt
005 - DATE AND TIME OF LATEST TRANSACTION
control field 20220117143908.0
008 - FIXED-LENGTH DATA ELEMENTS--GENERAL INFORMATION
fixed length control field 220117b |||||||| |||| 00| 0 eng d
020 ## - INTERNATIONAL STANDARD BOOK NUMBER
International Standard Book Number 9788131721407
040 ## - CATALOGING SOURCE
Transcribing agency H.U
082 ## - DEWEY DECIMAL CLASSIFICATION NUMBER
Classification number 620.1
100 ## - MAIN ENTRY--PERSONAL NAME
Personal name Fluid
9 (RLIN) 28231
245 ## - TITLE STATEMENT
Title Fluid Mechanics
250 ## - EDITION STATEMENT
Edition statement 5th
260 ## - PUBLICATION, DISTRIBUTION, ETC.
Place of publication, distribution, etc. India
Name of publisher, distributor, etc. Pearson
Date of publication, distribution, etc. 2005
942 ## - ADDED ENTRY ELEMENTS (KOHA)
Source of classification or shelving scheme Dewey Decimal Classification
Koha item type Books like text book referance book
Suppress in OPAC No
Holdings
Withdrawn status Lost status Source of classification or shelving scheme Damaged status Not for loan Home library Current library Shelving location Date acquired Total Checkouts Full call number Barcode Date last seen Copy number Price effective from Koha item type
    Dewey Decimal Classification     IoT Library IoT Library General Stacks 01/17/2022   620.1/FLU/2005 IOTL0005843 01/17/2022 1 01/17/2022 Books like text book referance book
    Dewey Decimal Classification     IoT Library IoT Library General Stacks 01/17/2022   620.1/FLU/2005 IOTL0005844 01/17/2022 2 01/17/2022 Books like text book referance book
    Dewey Decimal Classification     IoT Library IoT Library General Stacks 01/17/2022   620.1/FLU/2005 IOTL0005845 01/17/2022 3 01/17/2022 Books like text book referance book
    Dewey Decimal Classification     IoT Library IoT Library General Stacks 01/17/2022   620.1/FLU/2005 IOTL0005846 01/17/2022 4 01/17/2022 Books like text book referance book
    Dewey Decimal Classification     IoT Library IoT Library General Stacks 01/17/2022   620.1/FLU/2005 IOTL0005847 01/17/2022 5 01/17/2022 Books like text book referance book
    Dewey Decimal Classification     IoT Library IoT Library General Stacks 01/17/2022   620.1/FLU/2005 IOTL0005848 01/17/2022 6 01/17/2022 Books like text book referance book
    Dewey Decimal Classification     IoT Library IoT Library General Stacks 01/17/2022   620.1/FLU/2005 IOTL0005849 01/17/2022 7 01/17/2022 Books like text book referance book
    Dewey Decimal Classification     IoT Library IoT Library General Stacks 01/17/2022   620.1/FLU/2005 IOTL0005850 01/17/2022 8 01/17/2022 Books like text book referance book
    Dewey Decimal Classification     IoT Library IoT Library General Stacks 01/17/2022   620.1/FLU/2005 IOTL0005851 01/17/2022 9 01/17/2022 Books like text book referance book
    Dewey Decimal Classification     IoT Library IoT Library General Stacks 01/17/2022   620.1/FLU/2005 IOTL0005852 01/17/2022 10 01/17/2022 Books like text book referance book